Fr. Conceicao Rodrigues College of Engineering

Integrated Electronics:Analog and digital circuits (Record no. 35689)

MARC details
000 -LEADER
fixed length control field 00315nam a2200133Ia 4500
082 ## - DEWEY DECIMAL CLASSIFICATION NUMBER
Classification number 621.38179
Item number MIL
100 ## - MAIN ENTRY--PERSONAL NAME
Personal name Millman/Jacob
245 ## - TITLE STATEMENT
Title Integrated Electronics:Analog and digital circuits
260 ## - PUBLICATION, DISTRIBUTION, ETC.
Name of publisher, distributor, etc. McGraw Hill
Place of publication, distribution, etc. Tokyo
Date of publication, distribution, etc. 1986
300 ## - PHYSICAL DESCRIPTION
Extent 911
546 ## - LANGUAGE NOTE
Language note ENGLISH
654 ## - SUBJECT ADDED ENTRY--FACETED TOPICAL TERMS
Focus term integrated
942 ## - ADDED ENTRY ELEMENTS (KOHA)
Koha item type BOOK
Holdings
Withdrawn status Lost status Damaged status Not for loan Collection Home library Current library Date acquired Cost, normal purchase price Total Checkouts Full call number Barcode Date last seen Cost, replacement price Price effective from Koha item type
        CRC Fr. Agnel's C.Rodrigues College of Engineering Fr. Agnel's C.Rodrigues College of Engineering 17/03/2023 116.45   621.38179 MIL 1498 17/03/2023 116.45 17/03/2023 BOOK